[Event "EU-chT (Men) 11th"]
[Site "Pula"]
[Date "1997.05.??"]
[Round "9.4"]
[White "Salai, Ladislav"]
[Black "Krakops, Maris"]
[Result "1/2-1/2"]
[WhiteElo "2460"]
[BlackElo "2440"]
[Annotator "Har Zvi,R"]
[PlyCount "63"]
[EventDate "1997.05.05"]
[EventType "team-swiss"]
[EventRounds "9"]
[EventCountry "CRO"]
[SourceTitle "CBM 057 Extra"]
[Source "ChessBase"]
[SourceDate "1997.05.01"]
[SourceVersion "1"]
[SourceVersionDate "1997.05.01"]
[SourceQuality "1"]
[WhiteTeam "Slovakia"]
[BlackTeam "Latvia"]
[WhiteTeamCountry "SVK"]
[BlackTeamCountry "LAT"]

1. e4 c5 2. c3 Nf6 3. e5 Nd5 4. d4 cxd4 5. Nf3 Nc6 6. Bc4 Nb6 7. Bb3 d5 8. exd6
Qxd6 9. Na3 dxc3 10. Qe2 cxb2 (10... Bf5 11. Nb5 Qd7 12. Ne5 Nxe5 13. Qxe5 f6
14. Nc7+ (14. Nd6+ $2 Qxd6 15. Qxf5 g6 16. Qe4 Qc6 17. Qxc6+ bxc6 18. bxc3 e5
19. f4 Bd6 20. O-O O-O-O $1 $17 {Van Mil,J-Nijboer,F Wijk ann Zee 1995 65/(154)
}) 14... Kd8 15. Ne6+ Bxe6 16. Qxe6 Qxe6+ (16... Rc8 17. Qe2 e5 18. O-O Kc7 19.
a4 Kb8 (19... Rd8 $5 {[%cal Gb6c8]}) 20. a5 Na8 21. bxc3 $44 {de la Paz,
F-Blanco Fernandez,A Villa Clara 1995 65/154 [Nogueiras,J]}) 17. Bxe6 Na4 18.
b4 $1 a5 19. Be3 axb4 20. O-O-O+ $36 {Hracek,Z-Stohl,I Cesko 1996 66/122 
[Stohl,I]}) 11. Bxb2 Qb4+ 12. Kf1 Bf5 (12... Bg4 13. Nb5 Bxf3 14. gxf3 Qf4 15.
Bc1 $1 Qb8 16. Qe4 $1 g6 (16... a6 17. Bf4 e5 18. Qf5 $1 $18) 17. Bb2 e5 18.
Rc1 $1 {[%cal Gc1c6]} f5 19. Qe3 Be7 20. Kg2 Nd7 21. Rhd1 a6 22. Be6 $1 $16 {
de la Paz,F-Cabrera,A Matanzas 1995 64/150 [Nogueiras,J]}) 13. Rd1 (13. Rc1 Rd8
14. Nc2 Qxb3 15. axb3 Bd3 16. Ncd4 Bxe2+ 17. Kxe2 Nxd4+ 18. Nxd4 {without
really enough compensation for white for his 2 pawn Mestrovic,Z-Grosar,A Nova
Gorica 1996}) 13... Rd8 (13... e6 14. Nb5 Rc8 15. Nfd4 $1 $16 {Van Mil,
J-Yakovich,Y Leeuwarden 1992 55/(158)}) 14. Rxd8+ Nxd8 15. Nd4 Bd7 16. h4 $146
{it is very difficult to evaluate this position since there are no force
variation,just initiative for white and 2 pawns up for black,in general I
think white does not have enough compensation here,and as we will see the
maximum white can get in this position seems a draw,unless something special
will be found this line should be considered as not very good for white} (16.
Nab5 Bxb5 17. Nxb5 a6 18. Nd4 e6 19. g3 Be7 20. Nc2 Qb5 21. Qxb5+ axb5 22. Bxg7
Rg8 23. Bd4 Nc4 $15 {Sermek,D-Sher,M Ljubljana op 1994}) 16... Nc6 (16... Na4
$5 17. Nac2 Qa5 18. Ba3 Nc3 19. Qe3 e6 {when it is not clear where white's
compensation is}) 17. Nac2 Nxd4 18. Nxd4 Qc5 (18... e6 19. h5 (19. Kg1 Be7)
19... Na4 20. a3 $5 Qc5 21. Bxa4 Bxa4 22. h6 $44) (18... Na4 $5 19. Ba1 Qc5)
19. Kg1 (19. h5 $140 $5 Na4 20. Bxa4 Bxa4 21. h6 $132) 19... a5 (19... e6 $5
$17) (19... Na4 20. Bxa4 Bxa4 21. Kh2 $44 {[%csl Ge8][%cal Gh1c1]}) 20. a3 e5
$6 {I do not like this move very much sinec it weakeness the a2-g8 diagoanl
very much I prefer of course 20...e6} 21. Kh2 a4 22. Ba2 Bd6 23. Rc1 Qa5 24.
Nf3 O-O (24... f6 $5 {[%cal Ra2g8]} 25. Qd3 Bc5 26. Qe4 $36) 25. Nxe5 Qb5 {
even after white got his pawn back it is still clear he is worse and fight for
a draw} (25... Be6 26. Bxe6 fxe6 27. Kh1 $44 {[%csl Re6,Rg8][%cal Ga1h8]} (27.
Kg1 $5)) (25... Bc6 $142 $5 26. Kg1 Bxe5 27. Bxe5 (27. Qxe5 Qxe5 28. Bxe5 Nd7
29. Bd4 Re8 {now black has time to catch the "e" file}) 27... Re8 28. f4 Bd5 (
28... Nd7 $2 29. Bxf7+ $1) 29. Qg4 g6 30. Bxd5 Nxd5 {when it is not clear
where's white's compensation?}) 26. Qxb5 Bxb5 27. g3 Bxe5 {now finally you can
say white is about OK} (27... Nd7 $5 28. Nxd7 (28. Nf3 Nf6 $15 {/-/+}) 28...
Bxd7 29. Rd1 Be6 30. Rxd6 (30. Bxe6 fxe6 {[%cal Gf8f2]} 31. Kg2 Rd8 {with an
extra pawn for black}) 30... Bxa2 $15) 28. Bxe5 Rc8 $6 $11 {after Bc6 black is
still better} (28... Bc6 29. Bd4 Nd5 $15 (29... Nd7 30. Re1 $44 {[%cal Ge1e7]})
) 29. Rb1 Bc4 30. Rxb6 Bxa2 31. Rxb7 f6 32. Rb8 1/2-1/2

[Event "Ljubljana"]
[Site "Ljubljana"]
[Date "1997.??.??"]
[Round "10"]
[White "Pavasovic, Dusko"]
[Black "Jelen, Igor"]
[Result "1/2-1/2"]
[WhiteElo "2460"]
[BlackElo "2405"]
[Annotator "Har Zvi,R"]
[PlyCount "45"]
[EventDate "1997.05.20"]
[EventType "tourn"]
[EventRounds "11"]
[EventCountry "SLO"]
[EventCategory "9"]
[SourceTitle "CBM 058 Extra"]
[Source "ChessBase"]
[SourceDate "1997.07.29"]
[SourceVersion "1"]
[SourceVersionDate "1997.07.29"]
[SourceQuality "1"]

1. e4 c5 2. c3 Nf6 3. e5 Nd5 4. d4 cxd4 5. Nf3 Nc6 6. cxd4 d6 7. Bc4 Nb6 8. Bb3
dxe5 {for the other moves 8...d5 and 8...g6 turn to the game Pavasovic,
D-Mencinger,V in CBM61} 9. d5 Na5 10. Nc3 Nxb3 11. Qxb3 e6 (11... g6 12. Nxe5
Bg7 13. Bf4 O-O 14. O-O (14. Rd1 Bf5 15. O-O Rc8 16. Rfe1 $14 Rc5 $2 17. Qa3
$16 {[%csl Ra7,Rc5] 1-0 Yagupov,I-Filippov,V/St.Petersburg Petrov 1996/CBM 52 
(27)}) 14... e6 15. d6 Nd7 16. Nc4 a6 17. Rfd1 b5 18. Ne3 Bb7 $132 {1/2-1/2
Rausis,I-Georgiev,K/Erevan olm 1996/EXT 96ch2 (56)}) 12. Nxe5 (12. O-O exd5 13.
Nxe5 Be7 $14 {Moldavsky-Gik/USSR/1968/}) 12... exd5 (12... Nxd5 13. O-O $44 (
13. Qb5+ Bd7 14. Qxb7 Bb4 15. Nxd7 Qc8 $1 $10 {Vlassov,N-Baikov,V/Moskva/1996/
0,5/59/})) (12... Bd6 13. Qb5+ Ke7 14. dxe6 Bxe6 15. Bf4 Bxe5 16. Qxe5 f6 17.
Qe4 Qd7 18. O-O Kf7 $10 {Yagupov,I-Savchenko,S/St-Petersburg/1993/0,5/48/}) 13.
Be3 Bd6 14. Qb5+ Kf8 (14... Bd7 15. Nxd7 Qxd7 16. O-O-O Rd8 (16... Qxb5 17.
Nxb5 Kd7 18. Bxb6 axb6 19. Rxd5 Kc6 20. Rxd6+ Kxb5 $10 {Ivanov,V L-Krivencov,S/
Moscow/1994/0,5/25/}) 17. Kb1 O-O 18. Qxd7 Rxd7 19. Bxb6 axb6 20. Rxd5 {
+/=/+/- _|_ Rausis-Krakopa/Riga/1995/}) (14... Nd7 $2 15. Nxf7 $1 Kxf7 16.
Qxd5+ Ke7 17. O-O-O Nf6 18. Qg5 $16 {Vlassov,N-Osadchenko,A/Moscow/1996/1-0/25/
}) 15. O-O-O (15. Rd1 $5 Be6 (15... Bxe5 16. Nxd5 Bd6 (16... Nd7 17. Qb4+ Ke8
18. O-O $40) (16... Bd7 17. Qc5+ Ke8 18. Nxb6 $18) 17. Nxb6 (17. O-O Bd7 18.
Qd3 Nc8) (17. Bc5 Nxd5 18. Rxd5 Qe7+) 17... axb6 18. O-O $44) 16. Nf3 Qe8 (
16... Kg8 17. O-O h6 18. h3 $44) 17. O-O (17. Bxb6 Bd7+ 18. Qe2 axb6 19. Rxd5
Bc7 $15) 17... Qxb5 18. Nxb5 Be7 (18... Ke7 19. Rfe1 Rhc8 20. Bd4 $36) 19. b3
$1 $44 {1/2-1/2 Mukhametov,E-Makarov,M/RUS-Cup3 1996/CBM 57/[Notkin] (40)})
15... Be6 16. Nf3 (16. f4 Bxe5 (16... g6 17. Bd4 f6 18. Nd3 Rc8 19. Kb1 $44 {
1-0 Rausis,I-Fossan,E/Gausdal TM 1993/TD 93\03 (41)}) 17. fxe5 h6 $15 {Van Der
Werf,M-Van Wely,L/Wijk aan Zee/1995/0-1/71/}) 16... Rc8 17. Kb1 Nc4 $146 (17...
Rc6 18. Nd4 Rc4 19. Nxe6+ fxe6 20. Nxd5 exd5 21. Bxb6 axb6 22. Rxd5 Rc6 23. Re1
h5 24. Rd3 Rh6 25. Rf3+ Rf6 26. Qxh5 Be7 27. Rfe3 Rce6 28. Rd1 Rd6 29. Rde1
Rde6 30. Rd1 Qc7 31. Rc3 Rc6 32. Re3 Rxf2 33. a3 Rh6 34. Rf3+ Rxf3 35. Qxf3+
Rf6 36. Qh5 Qc5 37. Qh8+ Kf7 38. Rc1 Qd5 {0-1 Sermek,D-Sveshnikov,E/Bled op
1996/EXP 51}) 18. Nxd5 a6 19. Qb3 (19. Qxb7 $2 Rb8 20. Qxa6 Nxb2 21. Rd4 Nc4+
22. Kc2 (22. Ka1 Nxe3 23. fxe3 (23. Nxe3 Be5 $19) 23... Bc5 $17) 22... Na3+ $1
23. Kd3 (23. Kd1 Nb5 $19) 23... Nb5 $19) 19... Qa5 {black had a very
interesting move insted of this one,which leads to much more complicated
positions than here} (19... Bf5+ 20. Ka1 Bc2 21. Qxb7 (21. Qxc2 $1 Nxe3 22.
Qxc8 Qxc8 23. Nxe3 Bb8 {when black's next 2 moves are g6 and Kg7,with a big
advantage for him}) 21... Bxd1 22. Rxd1 Nxe3 23. fxe3 (23. Nxe3 Qc7 $1 24. Qxc7
Rxc7 25. Nf5 Be7 $17 {[%cal Gg7g6]}) 23... Qe8 $5 (23... g6 $2 24. Ng5 $1 $16)
24. Qxa6 (24. Ng5 {[%cal Gg5f7]} Rb8 25. Qxa6 Be5 {and it is black who has the
initiative now}) 24... Qc6 25. Qxc6 Rxc6 {with really a difficult position to
asses,but I believe white should be at least OK here,maybe not better buti
think not worse}) 20. Bb6 $8 Nxb6 21. Qxb6 Qxb6 22. Nxb6 Rc6 23. Nd5 {here
both players agreed draw,although black has a slight maybe very slight
advantage for example after g6} (23. Nd5 g6 24. Ne3 Bc5 25. Nd4 Rd6 26. Nxe6+
Rxe6 {and black's bishop is better than white's knight}) 1/2-1/2

[Event "Hastings 9798"]
[Site "Hastings"]
[Date "1998.01.02"]
[Round "4"]
[White "Rozentalis, Eduardas"]
[Black "Sadler, Matthew D"]
[Result "0-1"]
[WhiteElo "2645"]
[BlackElo "2665"]
[Annotator "Har Zvi,R"]
[PlyCount "54"]
[EventDate "1997.12.29"]
[EventType "tourn"]
[EventRounds "9"]
[EventCountry "ENG"]
[EventCategory "13"]
[SourceTitle "CBM 063"]
[Source "ChessBase"]
[SourceDate "1998.03.26"]
[SourceVersion "1"]
[SourceVersionDate "1998.03.26"]
[SourceQuality "1"]

1. e4 c5 2. c3 Nf6 3. e5 Nd5 4. d4 cxd4 5. cxd4 d6 6. Bc4 Nb6 7. Bb5+ Nc6 (7...
Bd7 8. e6 Bxb5 9. Qh5 Qc8 10. Qxb5+ Kd8 (10... Qc6 11. exf7+ Kd8 12. Nc3 Qxb5
13. Nxb5 Kd7 14. Nf3 Nc6 15. Be3 e6 16. O-O Be7 17. Rfe1 Rhf8 18. Re2 Rxf7 19.
Rae1 Nd5 20. Nc3 Rf5 $13 {0-1 Rozentalis,E-Arbakov,V/URS-ch otbor56 1988/TD
88\01 (82)}) 11. Be3 Qxe6 $6 (11... Qc4 12. Qxc4 Nxc4 13. exf7 g6 14. Nf3 Kd7
15. Nc3 Bg7 16. h4 Nc6 17. h5 Raf8 18. b3 Nb6 19. Kd2 Rxf7 20. hxg6 hxg6 21.
Rxh8 Bxh8 22. Rh1 Bf6 23. Rh6 Rg7 24. g4 $14 {1/2-1/2 Rozentalis,E-Shneider,A/
Uzhgorod 1987/EXT 87 (43)}) (11... fxe6 12. Nf3 Qc4 13. Qg5 Nc6 14. Nbd2 Qd3
15. Rc1 Nd5 16. Nc4 h6 17. Qh4 Nf6 (17... Rg8 {[%cal Gg7g5]}) 18. Ng5 Kd7 19.
Nf7 Rg8 20. Nce5+ $1 Nxe5 21. dxe5 Qe4 22. Qxe4 Nxe4 23. O-O b6 24. b4 $13 {
0-1 Dubiel,J-Har Zvi,R/WchJM-U16 1992/TD 92\06 (37)}) 12. d5 Qd7 13. Bxb6+ axb6
14. Qxb6+ Qc7 15. Qe3 Qc5 16. Qd2 g6 17. Ne2 Bg7 18. O-O Na6 19. Nbc3 $36 {
[%csl Rd8] 1-0 Rozentalis,E-Aseev,K/URS-FL56 1988/CBM 11 (32)}) 8. Nc3 dxe5 9.
d5 a6 10. Ba4 Nxa4 11. Qxa4 b5 12. Nxb5 Bd7 13. Nc3 Nd4 14. Qd1 Bf5 $1 {
I simply can't understand, why white plays this position, and even more
strange is, that Rozentalis had already played this position in a game
mentioned here against Tukmakov. So does he not know, that it is simply a very
bad position for white?? and if he doesn`t know, than, I think, he will know
it after this game!!} (14... g6 15. Nge2 Bg7 16. Be3 Qb6 17. Qd2 Rb8 18. b3 O-O
19. O-O Rfc8 20. Rac1 Qb4 21. Rfd1 {1/2-1/2 Rozentalis,E-Tukmakov,V/Lvov zt
1990/CBM 18}) 15. Kf1 {Well, just look at that move. White is playing a
variation, which leads direct to something like a losing position after move
15 in a solid variation!} (15. Qa4+ Qd7 16. Qxd7+ Kxd7 17. Kd1 (17. Kf1 Nc2 $1
18. Rb1 Bd3+ 19. Nge2 Nd4 20. Ra1 Rc8 $19) 17... Nc2 18. Rb1 Nb4 19. Ra1 e6 $17
(19... Kd6 $17)) 15... g6 {another strong move,and now white's position seems
critical.black is going to play Bg7 and after 0-0 with a break in the center
with "e6" what white can do? do not play this position} 16. Nge2 (16. Be3 Bg7
17. Nge2 Nxe2 18. Qxe2 O-O $17) 16... Bg7 17. Ng3 Bc2 18. Qd2 e4 $1 19. Ngxe4 (
19. Kg1 Rc8 (19... O-O) 20. h3 O-O $16) 19... Bxe4 20. Nxe4 Qxd5 21. Qd3 (21.
f3 Qc4+ 22. Kf2 (22. Kg1 Nc2 23. Rb1 Rd8 $19) 22... Nc2 23. Rb1 Bd4+ 24. Kg3
Rd8 $19) (21. Nc3 Qc4+ 22. Kg1 (22. Ne2 Rd8 $19) 22... Rd8 $19) 21... O-O 22.
h4 (22. Bg5 $142 Rfc8 $5 (22... Qb7 $17) 23. Bxe7 Qxa2 24. Re1 Qxb2) (22. Nc3
Qb7 $17) 22... Rfd8 23. Rh3 Rac8 24. Nc3 Qe6 (24... Qc6) 25. Rb1 $2 {losing
imediately,but some how it seems to me that the result og this game was
alreasy knowen after move 14} (25. Qe3 Qc4+ 26. Qd3 Qc6 $17 {/-+}) 25... Nb5
26. Qc2 Bxc3 27. bxc3 Rxc3 0-1

[Event "Ljubljana"]
[Site "Ljubljana"]
[Date "1997.??.??"]
[Round "4"]
[White "Pavasovic, Dusko"]
[Black "Mencinger, Vojko"]
[Result "1-0"]
[WhiteElo "2460"]
[BlackElo "2395"]
[Annotator "Har Zvi,R"]
[PlyCount "49"]
[EventDate "1997.05.20"]
[EventType "tourn"]
[EventRounds "11"]
[EventCountry "SLO"]
[EventCategory "9"]
[SourceTitle "CBM 058 Extra"]
[Source "ChessBase"]
[SourceDate "1997.07.29"]
[SourceVersion "1"]
[SourceVersionDate "1997.07.29"]
[SourceQuality "1"]

1. e4 c5 2. c3 Nf6 3. e5 Nd5 4. d4 cxd4 5. Nf3 Nc6 6. cxd4 d6 7. Bc4 Nb6 8. Bb3
(8. Bb5 {is the main line in this position, but it's not clear how can white
get even slight advantage after 8...dxe5 9.Nxe5 Bd7}) 8... g6 {as far as I
know black should have no troubles at all achiving equal position after 8...
dxe5 so why not? for some theory look on the game Pavasovic,D-Jelen,I in CBM61
where black got equal very quickly} (8... d5 {this is like a French position
only black's white coloured bishops can still go out to g4 or f5,there is only
move as strange as he may seem that can prevent both move I mean 9.Nh4!? when
after 9...e6 I simply play 10.Nf3 and black gets a bad bishop} 9. Nh4 $5 (9.
Be3 Bf5 10. Nh4 Bxb1 (10... Bg6 11. f4 $40) 11. Rxb1 e6 12. Nf3 Bb4+ 13. Kf1 (
13. Bd2 Bxd2+ 14. Qxd2 O-O 15. O-O $14) 13... O-O $132 {0-1 Schandorff,L-Wang
Zili/Copenhagen K41 1995/CBM 48/[Blatny,P] (27)}) 9... e6 (9... Nc4 $6 10. Nc3
a6 11. O-O b5 12. Bc2 Ra7 $6 (12... e6 13. g3 Qb6 14. Ne2 b4 $14) 13. a4 $1 b4
14. Ne2 Bg4 15. f3 Bd7 16. b3 Nb6 17. Be3 $16 {1-0 Filipovic,B-Ilincic,Z/
JUG-ch Podgorica 1996/CBM 53/[Notkin] (40)}) 10. Nf3 Bd7 11. Nc3 Be7 12. Bc2
Nc4 13. O-O Qa5 14. a3 O-O-O (14... O-O $2 15. Qd3 g6 16. b3 Nb6 17. Bh6 Rfc8
18. b4 $18) 15. Qd3 $1 {/\פc3} g5 16. b3 g4 17. Ng5 $16 {1-0 Har Zvi,
R-Shmuter,L/Rishon le Zion YM 1995/CBM 46/[Blatny,P] (29) קf7}) 9. Ng5 (9. O-O
Bg7 10. Bf4 O-O 11. h3 dxe5 12. dxe5 Qxd1 13. Rxd1 a5 14. Nc3 a4 15. Bd5 Nxd5
16. Rxd5 a3 17. bxa3 Rxa3 18. Rc1 h6 {[%csl Re5]} 19. Bg3 g5 $17 {[%csl Rg3]
Grosar,A-Razuvaev,Y/Maribor 1996/CBM 55/0-1 (42)}) 9... d5 10. Nc3 (10. f4 Bg7
11. Nc3 f6 12. Nf3 Be6 13. O-O a6 14. a4 Na5 15. Bc2 Rc8 16. f5 $1 Bxf5 17.
Bxf5 gxf5 18. e6 $16 {1-0 Karpatchev,A-Gunnarsson,A/Gausdal Int 1993/TD 93\09 
(29)}) 10... Bg7 11. O-O O-O (11... h6 $5 12. Nf3 Bg4 13. Be3 e6 14. h3 Bxf3
15. Qxf3 $14) 12. h3 {a more against a possible Bg4 in the future} Na5 $6 {
/? after this move white achives what ever he wants,and espcially the c8
bishop which is black's main problem so insted of playing Bf5 and after Na5
then if Bc2 BxB and exchanging this bad bishop,so black played Bf5 after white
had already played Bc2 and got immediately a very bad position} 13. Bc2 h6 $6 {
[%csl Rg6] weaking the g6 square,I think black's best move was...yes Nc6 back,
but of course this is not an easy move to play from the Psychology point of
view,and normally when you can not admit such mistakes,it means the end of
your position} (13... f6 $2 14. Nxh7 Kxh7 15. Qh5+ Kg8 16. Bxg6 $18) 14. Nf3
$16 Bf5 $6 {after this move now,black's position is probably lost,again he
should have tried something like Nc6} 15. Bxf5 gxf5 16. Nh4 e6 17. Qh5 Kh7 18.
g4 $1 {white can allow himself to play this move without any problem,since it
is black's king who is under fire,when white has his pieces on the king's side}
fxg4 19. hxg4 Nc6 20. Ne2 $1 {this is quite force position position for black
after playing 14...Bf5,and as we will see this is not an easy position for
black,but of course there is no reason to lose in 5 moves} Qe8 (20... Rh8 21.
f4 $1 Kg8 (21... f6 22. f5 Qe8 23. Qg6+ $1 $18) 22. f5 $18) (20... Qe7 21. g5
Rg8 22. Kh2 Bf8 23. Rg1 {and now it seems black should play Qe8 which reaches
the game position,with one tempi more for wite since in the game black played
immediately Qe8}) 21. g5 (21. f4 f6) 21... Rg8 22. Kh1 Nc8 $6 (22... Ne7 $142
23. gxh6 Bf8 24. Nf3 Rg6 25. Rg1 $16) 23. Rg1 N8e7 $4 {just losing immediately}
(23... Bf8 $8 24. Nf3 $1 {why to hurry?first lets bring the knight and then
when white feels the time is right he should take on h6} (24. gxh6 Rxg1+ 25.
Kxg1 Nb6 (25... N8e7 26. Nf3 Ng6 27. Ng5+ Kh8 28. Qf3) 26. Nf3 f6 $8 {when
white does not win so easily at all} (26... f5 27. Ng5+ Kh8 28. Nf7+ Kh7 29.
Nf4 $18)) 24... Nb6 (24... N8e7 25. gxh6 {transposes to 24.gxh6 N8e7 25.Nf3
which is good for white}) 25. Bf4 $18 {and black is simply hopeless...}) 24.
gxh6 Bf8 25. Rg7+ $1 (25. Rg7+ Kh8 (25... Bxg7 26. hxg7+ Kxg7 27. Qh6#) (25...
Rxg7 26. hxg7+ Kxg7 27. Bh6+ Kg8 28. Rg1+) 26. Rxf7 {[%cal Ge2f4]}) 1-0